[Event "2nd Open"]
[Site "Paleohora GRE"]
[Date "2009.07.23"]
[Round "4"]
[White "De Rosa,M"]
[Black "Lahno,Kateri"]
[Result "0-1"]
[WhiteElo "2124"]
[BlackElo "2481"]

1.e4 d6 2.d4 Nf6 3.Nc3 g6 4.Be3 c6 5.Qd2 Nbd7 6.Nf3 Bg7 7.h3 Qa5 8.Be2 e5
9.O-O O-O 10.dxe5 dxe5 11.a3 Qc7 12.Rfd1 Re8 13.b4 Bf8 14.Ng5 h6 15.Nf3 Kh7
16.Nh2 Nb6 17.Ng4 Nxg4 18.hxg4 Be6 19.f3 a5 20.b5 a4 21.bxc6 bxc6 22.Qe1 Nd7
23.Qh4 f6 24.g5 Qa5 25.Nb1 fxg5 26.Bxg5 Qc5+ 27.Kh2 Kg8 28.Bxh6 Re7 29.Bxf8 Rxf8
30.Qg5 Rh7+ 31.Kg3 Nf6 32.Rd8 Nxe4+  0-1

[Event "2nd Open"]
[Site "Paleohora GRE"]
[Date "2009.07.24"]
[Round "5"]
[White "Lahno,Kateri"]
[Black "Katzourakis,P"]
[Result "1-0"]
[WhiteElo "2481"]
[BlackElo "2134"]

1.e4 c5 2.Nf3 d6 3.d4 cxd4 4.Nxd4 Nf6 5.Nc3 Nc6 6.f3 Qb6 7.Nb3 e6 8.Bg5 a6
9.Qd2 Bd7 10.Be3 Qc7 11.g4 h6 12.O-O-O b5 13.h4 Ne5 14.Be2 Bc6 15.g5 Nfd7
16.f4 Nc4 17.Bxc4 bxc4 18.Nd4 Nc5 19.Nxc6 Qxc6 20.Qd4 hxg5 21.Qxc4 gxf4 22.Bxf4 Rc8
23.h5 Nd7 24.Qe2 Ne5 25.Bxe5 dxe5 26.Rd3 Qb6 27.Rf1 Rb8 28.Nd1 Be7 29.Rb3 Qc7
30.Rg3 Bf6 31.Ne3 Qa5 32.a3 Qb5 33.Nc4 Qc5 34.Rd1 O-O 35.Rf1 Qe7 36.Qg4 Rfc8
37.Nd2 Qc7 38.Rc3 Qe7 39.Rg3 Qc7 40.Rc3 Qe7 41.Rxc8+ Rxc8 42.Kb1 Kf8 43.Qe2 a5
44.Nf3 Rb8 45.Ka2 Qb7 46.Rb1 Be7 47.Nxe5 Bxa3 48.Qd3 Be7 49.Nd7+ Kg8 50.Nxb8 Qxb8
51.Qc3 Qb5 52.Rg1 e5 53.Qc8+  1-0

[Event "2nd Open"]
[Site "Paleohora GRE"]
[Date "2009.07.26"]
[Round "7"]
[White "Lahno,Kateri"]
[Black "Simeonidis,I"]
[Result "1-0"]
[WhiteElo "2481"]
[BlackElo "2266"]

1.e4 d5 2.exd5 Qxd5 3.Nc3 Qa5 4.Bc4 Nf6 5.h3 Bf5 6.d3 e6 7.Bd2 Nc6 8.Nd5 Bb4
9.Nxb4 Nxb4 10.Nf3 Qc5 11.O-O h6 12.Re1 O-O-O 13.a3 Nbd5 14.b4 Qe7 15.b5 g5
16.Ne5 Rhg8 17.g4 Bh7 18.Qf3 Nf4 19.Bxf4 gxf4 20.Nxf7 Be4 21.Rxe4 Nxe4 22.Nxd8  1-0

[Event "8th TCh-Eur w"]
[Site "Novi Sad SRB"]
[Date "2009.10.24"]
[Round "3"]
[White "Cosma,E"]
[Black "Lahno,Kateri"]
[Result "1/2-1/2"]
[WhiteElo "2331"]
[BlackElo "2483"]

1.d4 Nf6 2.Nf3 g6 3.g3 Bg7 4.Bg2 d5 5.O-O O-O 6.c4 dxc4 7.Na3 c3 8.bxc3 c5
9.e3 Nc6 10.Qe2 Bf5 11.Bb2 Rc8 12.Rfc1 cxd4 13.cxd4 Qb6 14.Nc4 Qa6 15.Bf1 Nb4
16.Nce5 Qxe2 17.Bxe2 Nc2 18.Rab1 Nb4 19.Ra1 Be6 20.Nc4 b5 21.a3 Bxc4 22.Bxc4 Rxc4
23.Rxc4 bxc4 24.axb4 Rb8 25.Nd2 Nd5 26.Nxc4 Rxb4 27.Rc1 f5 28.Ba3 Ra4 29.Kf1 Kf7
30.Ke2 Ke6 31.Kd2 Bf6 32.Bc5 Ra2+ 33.Rc2 Rxc2+ 34.Kxc2 a6 35.f3 Kd7 36.e4 fxe4
37.fxe4 Nc7 38.d5 Ba1 39.Kd3 Bg7 40.Nb6+ Kd8 41.Nc4 Kd7 42.Bd4 Bxd4 43.Kxd4 Nb5+
44.Kc5 Kc7 45.e5 Nc3 46.d6+ exd6+ 47.exd6+ Kd7 48.Kd4 Nb5+ 49.Kd5 Nc3+ 50.Kd4 Nb5+
51.Kd5  1/2-1/2

[Event "8th TCh-Eur w"]
[Site "Novi Sad SRB"]
[Date "2009.10.26"]
[Round "5"]
[White "Lahno,Kateri"]
[Black "Dzagnidze,N"]
[Result "1/2-1/2"]
[WhiteElo "2483"]
[BlackElo "2535"]

1.d4 Nf6 2.c4 e6 3.g3 d5 4.Nf3 Bb4+ 5.Bd2 Be7 6.Bg2 c6 7.O-O O-O 8.Bf4 b6
9.Nc3 Bb7 10.Rc1 Nh5 11.Be5 Nd7 12.cxd5 exd5 13.e4 Nxe5 14.dxe5 dxe4 15.Nd2 f5
16.exf6 Nxf6 17.Ndxe4 Qxd1 18.Rfxd1  1/2-1/2

[Event "8th TCh-Eur w"]
[Site "Novi Sad SRB"]
[Date "2009.10.29"]
[Round "8"]
[White "Danielian,E"]
[Black "Lahno,Kateri"]
[Result "0-1"]
[WhiteElo "2489"]
[BlackElo "2483"]

1.d4 Nf6 2.c4 g6 3.Nc3 Bg7 4.Nf3 O-O 5.Bg5 c5 6.d5 b5 7.cxb5 a6 8.e3 h6 9.Bf4 Qa5
10.Nd2 axb5 11.Bxb5 Nxd5 12.Nxd5 Qxb5 13.a4 Qxb2 14.Rb1 Qa2 15.Nxe7+ Kh7
16.Bxb8 c4 17.O-O c3 18.Qf3 Ba6 19.Qxa8 Bxf1 20.Rxf1 Qxd2 21.Qa7 c2 22.g3 Re8
23.Qc7 Rxe7 24.a5 Re6 25.Kg2 Rc6 26.Qf4 c1=Q 27.Rxc1 Qxc1 28.Qxf7 Rf6 29.Qxd7 Qc6+
30.Qxc6 Rxc6 31.Kf3 Bc3 32.Ke4 Bxa5 33.Kd5 Rc2  0-1

[Event "8th TCh-Eur w"]
[Site "Novi Sad SRB"]
[Date "2009.10.30"]
[Round "9"]
[White "Jackova,J"]
[Black "Lahno,Kateri"]
[Result "1/2-1/2"]
[WhiteElo "2393"]
[BlackElo "2483"]

1.e4 c5 2.Nf3 d6 3.d4 cxd4 4.Nxd4 Nf6 5.Nc3 g6 6.Be2 Bg7 7.O-O Nc6 8.Nb3 O-O
9.Re1 a6 10.Bf1 b5 11.a4 b4 12.Nd5 Nd7 13.a5 Rb8 14.Ra2 e6 15.Ne3 Nf6 16.Nc4 d5
17.exd5 Nxd5 18.Ne3 Nce7 19.Qf3 Qc7 20.Qg3 e5 21.Nxd5 Nxd5 22.Bd3 f5 23.f3 Bb7
24.Bd2 Rbe8 25.Raa1 Qc6 26.Rac1 Re7 27.Qh4 Rc8 28.Qf2 Rec7 29.Rcd1 Qf6 30.Kh1 e4
31.fxe4 fxe4 32.Qxf6 Nxf6 33.Be2 Rxc2 34.Rc1 Rxc1 35.Rxc1 Rxc1+ 36.Bxc1 Nd7
37.Bc4+ Kf8 38.Bd2 Bxb2 39.Bxb4+ Ke8 40.Nc5 Nxc5 41.Bxc5 Bc3 42.Bb6 Ke7 43.Kg1 Kd6
44.Kf2 Bb4 45.Ke2 Bc5 46.Bd8 Ke5 47.Bg5 Bb4 48.Bg8 h5 49.Bf7 Kf5 50.Bd8 Bc8
51.Bc4 Ke5 52.Bb6 Be7 53.Bf7 Kf5 54.Bc4 Bd6 55.h3 Kf4 56.Kf2 h4 57.Bf7 Kf5
58.Bc4 Bf4 59.Ke2 g5 60.Kf2 Bb7 61.Ke2 Ke5 62.Kf2 Kd6 63.Ke2 e3 64.Bxe3 Bxe3
65.Kxe3 Kc5 66.Bf1 Kb4 67.Kd4 Kxa5 68.Ke5 Kb4 69.Bxa6 Bxa6 70.Kf6 Bf1 71.Kxg5 Bxg2
72.Kxh4  1/2-1/2

[Event "Czech Coal Match"]
[Site "Marianske Lazne CZE"]
[Date "2009.11.29"]
[Round "2"]
[White "Lahno,Kateri"]
[Black "Korchnoi,V"]
[Result "1/2-1/2"]
[WhiteElo "2499"]
[BlackElo "2567"]

1.e4 e6 2.d4 d5 3.Nc3 Nf6 4.Bg5 Be7 5.e5 Nfd7 6.h4 Bxg5 7.hxg5 Qxg5 8.Qd3 Nf8
9.Nh3 Qe7 10.Nf4 Nc6 11.O-O-O Bd7 12.Qg3 Rg8 13.Ncxd5 exd5 14.Nxd5 Qd8 15.Nf6+ gxf6
16.Qxg8 fxe5 17.dxe5 Qe7 18.f4 O-O-O 19.Bc4 Ne6 20.Qg3 Qc5 21.Bxe6 Bxe6 22.Rxd8+ Nxd8
23.Rd1 b5 24.Qg8 Qe3+ 25.Kb1 Bd7 26.Qxh7 Qxf4 27.Qd3 Qg4 28.a4 bxa4 29.Qa6+ Nb7
30.Rh1 Kb8 31.Rh8+ Bc8 32.Qc6 Qd1+ 33.Ka2 Nd8 34.Qb5+ Bb7 35.Qxa4 Bd5+ 36.b3 Qxc2+
37.Ka3 Qc1+ 38.Ka2 Qd2+ 39.Ka3 Bxg2 40.Qh4 Qa5+ 41.Kb2 Qxe5+ 42.Ka2  1/2-1/2

[Event "Czech Coal Match"]
[Site "Marianske Lazne CZE"]
[Date "2009.11.30"]
[Round "3"]
[White "Timman,J"]
[Black "Lahno,Kateri"]
[Result "1/2-1/2"]
[WhiteElo "2591"]
[BlackElo "2499"]

1.d4 Nf6 2.c4 g6 3.Nc3 d5 4.Nf3 Bg7 5.Qb3 dxc4 6.Qxc4 O-O 7.e4 a6 8.Be2 b5
9.Qb3 Nc6 10.e5 Be6 11.exf6 Bxb3 12.fxg7 Kxg7 13.axb3 Nxd4 14.Nxd4 Qxd4 15.O-O Qb4
16.Bf3 Qxb3 17.Ra3 Qc4 18.Nd5 b4 19.Re3 e6 20.b3 Qd4 21.Re2 c6 22.Ne7 Qd6
23.Nxc6 Rac8 24.Ne5 Rfd8 25.Bh6+ Kg8 26.Bg5 Rc3 27.Nc4 Qc7 28.Bxd8 Qxd8 29.Rd2 Qg5
30.Rd7 Rxf3 31.h4 Qxh4 32.gxf3 Qg5+  1/2-1/2

[Event "Czech Coal Match"]
[Site "Marianske Lazne CZE"]
[Date "2009.12.03"]
[Round "6"]
[White "Korchnoi,V"]
[Black "Lahno,Kateri"]
[Result "1/2-1/2"]
[WhiteElo "2567"]
[BlackElo "2499"]

1.d4 Nf6 2.c4 g6 3.g3 c5 4.Nf3 Bg7 5.Bg2 cxd4 6.Nxd4 O-O 7.Nc3 Qc7 8.Nd5 Nxd5
9.cxd5 Qa5+ 10.Bd2 Qb6 11.Bc3 d6 12.Rc1 a5 13.Qd2 Na6 14.O-O Nc5 15.b3 Bd7
16.h3 Bxh3 17.Bxh3 Ne4 18.Qd3 Nxc3 19.Rxc3 Qxd4 20.Qxd4 Bxd4 21.Rc7 b5 22.Rxe7 Rfe8
23.Rxe8+ Rxe8 24.e3 Bc5 25.Bd7 Re5 26.Rd1 b4 27.Kg2 h5 28.Bb5 Kg7 29.Be2 f5
30.Bf3 Re7 31.Rc1 Kf6 32.Rc4 Ke5 33.Kf1 Ra7 34.Rc1 Rh7 35.Rc4 Ra7 36.Rc1 a4
37.Bd1 axb3 38.Bxb3 Rh7 39.Rc4 g5 40.Kg2 Kf6 41.Kh3  1/2-1/2

[Event "TOP 16"]
[Site "Guingamp FRA"]
[Date "2010.06.04"]
[Round "9"]
[White "Lahno,Kateri"]
[Black "Shafiei,A"]
[Result "1-0"]
[WhiteElo "2518"]
[BlackElo "2221"]

1.e4 c5 2.Nf3 d6 3.d4 cxd4 4.Nxd4 Nf6 5.f3 g6 6.c4 Bg7 7.Nc3 O-O 8.Be2 Nc6
9.Be3 Bd7 10.Qd2 Nxd4 11.Bxd4 Bc6 12.O-O a5 13.b3 Nd7 14.Be3 f5 15.exf5 gxf5
16.Rac1 Nc5 17.Nd5 Rf7 18.Bd1 e6 19.Nc3 e5 20.Bc2 Ne6 21.Rcd1 Bf8 22.Nd5 b5
23.cxb5 Bxb5 24.Bd3 Qb8 25.Rc1 Bxd3 26.Qxd3 Qb7 27.Qc4 Nc7 28.Nxc7 Rc8 29.Qe6 Rxc7
30.Rxc7 Qxc7 31.Rc1 Qd7 32.Qd5 Qb7 33.Qxa5 d5 34.Qd8 Qd7 35.Rc8 Kg7 36.Qg5+ Kh8
37.Rd8 Qc6 38.Qh6 Qxh6 39.Bxh6 Kg8 40.a4  1-0

[Event "3rd Open"]
[Site "Paleochora GRE"]
[Date "2010.07.22"]
[Round "1"]
[White "Lahno,Kateri"]
[Black "Markaki,S"]
[Result "1-0"]
[WhiteElo "2535"]
[BlackElo "1656"]

1.e4 c5 2.Nf3 d6 3.d4 cxd4 4.Nxd4 Nf6 5.f3 Qb6 6.Nc3 Nc6 7.Nb3 a6 8.Qe2 e6
9.Be3 Qc7 10.O-O-O b5 11.g4 Bb7 12.g5 Nd7 13.Qf2 Rc8 14.Kb1 Nce5 15.a3 Nc4
16.Bxc4 bxc4 17.Nd2 Be7 18.h4 Ba8 19.Qe2 O-O 20.Ka2 Rfd8 21.h5 d5 22.exd5 exd5
23.Bd4 Bc5 24.Nf1 Bxd4 25.Rxd4 Qb6 26.Qd2 Rb8 27.Nd1 Ne5 28.Rh3 Nc6 29.Rhh4 Nxd4
30.Rxd4 Rdc8 31.Qc3 Rc5 32.Nfe3 Qa5 33.Qxa5 Rxa5 34.f4 Re8 35.h6 gxh6 36.Ng4 Re2
37.Nxh6+ Kg7 38.Ne3 f6 39.Nhf5+ Kf7 40.b4 cxb3+ 41.Kxb3 Rb5+ 42.Kc3 Kf8 43.Kd3 Rh2
44.gxf6 Rh3 45.Ra4 Rb6 46.Kd4 Rxf6 47.Rb4 Kf7 48.Rb8 Bc6 49.Rb6 Bd7 50.Nd6+ Kf8
51.Nxd5 Re6 52.f5 Rh4+ 53.Kc5 Rxd6 54.Rxd6 Bb5 55.Nb6 Rh5 56.Rd5 Kf7 57.c4 Be8
58.Nc8 Kf6 59.Nd6 Ba4 60.Kb6 Rh4 61.c5  1-0

[Event "3rd Open"]
[Site "Paleochora GRE"]
[Date "2010.07.22"]
[Round "2"]
[White "Altukhov,Yriu"]
[Black "Lahno,Kateri"]
[Result "0-1"]
[WhiteElo "2066"]
[BlackElo "2535"]

1.c4 Nf6 2.Nc3 g6 3.g3 d5 4.cxd5 Nxd5 5.Bg2 Nb6 6.Nf3 Bg7 7.d4 Nc6 8.e3 O-O
9.O-O Re8 10.b3 e5 11.dxe5 Nxe5 12.Nxe5 Bxe5 13.Bb2 Qe7 14.Qe2 c6 15.Rfe1 a5
16.Rac1 a4 17.Ne4 Nd5 18.Bxe5 Qxe5 19.Nc5 axb3 20.axb3 Nc7 21.b4 Ra3 22.Qc4 Nb5
23.f4 Qb2 24.Rc2 Qg7 25.e4 Nd6 26.Qe2 Qd4+ 27.Qf2 Qxb4 28.Rb2 Qa5 29.e5 Qa7
30.Rc1 Nb5 31.Ne4 Rd8 32.Qxa7 Rxa7 33.Nf6+ Kg7 34.Kf2 h5 35.h3 Ra3 36.g4 Nc3
37.Bf3 Rd3  0-1

[Event "3rd Open"]
[Site "Paleochora GRE"]
[Date "2010.07.23"]
[Round "3"]
[White "Lahno,Kateri"]
[Black "Georgiou,Ko"]
[Result "1-0"]
[WhiteElo "2535"]
[BlackElo "2248"]

1.e4 g6 2.d4 Bg7 3.Nc3 d6 4.Be3 a6 5.a4 b6 6.Nf3 Bb7 7.d5 c6 8.dxc6 Bxc6
9.Bc4 e6 10.Qd3 Ne7 11.Rd1 O-O 12.h4 d5 13.exd5 exd5 14.Nxd5 Nxd5 15.Bxd5 Qxd5
16.Qxd5 Bxd5 17.Rxd5 Bxb2 18.O-O Nc6 19.Bxb6 Ne7 20.Rd7 Nf5 21.g4 Nh6 22.Rb1 Bc3
23.Rc7 Rfc8 24.Rb3 Bg7 25.g5 Nf5 26.c4 Bf8 27.Kf1 Rxc7 28.Bxc7 Rc8 29.Rb7 a5
30.Ne5 Bd6 31.Bxd6 Nxd6 32.Rd7 Nxc4 33.Nxf7 Nb6 34.Nh6+ Kf8 35.Rxh7 Rc4 36.h5 Rc6
37.f4 Nd5 38.f5 Ne3+ 39.Ke2 Nxf5 40.Nxf5 gxf5 41.g6 Rf6 42.Kf3 f4 43.Ra7 Kg8
44.Rxa5 Kg7 45.Ra7+ Kh8 46.Rf7 Rc6 47.Rxf4 Kg8 48.Kg4 Kg7 49.Rf7+ Kg8 50.Ra7 Rc5
51.a5  1-0

[Event "3rd Open"]
[Site "Paleochora GRE"]
[Date "2010.07.24"]
[Round "4"]
[White "Lahno,Kateri"]
[Black "Kryvoruchko,Y"]
[Result "0-1"]
[WhiteElo "2535"]
[BlackElo "2609"]

1.d4 d5 2.c4 c6 3.Nc3 Nf6 4.e3 g6 5.Nf3 Bg7 6.Be2 O-O 7.O-O a6 8.a4 a5 9.Qb3 e6
10.Bd2 Na6 11.Rfd1 Nb4 12.Be1 b6 13.Ne5 Nd7 14.Na2 Nxe5 15.Nxb4 Nxc4 16.Nxc6 Qd6
17.Ne5 Nxe5 18.dxe5 Bxe5 19.h3 Bb7 20.Bc3 Bxc3 21.bxc3 Qc5 22.Rab1 Ba6 23.Bxa6 Rxa6
24.e4 dxe4 25.Rd4 Rc8 26.Rxe4 Qxc3 27.Qb5 Qc2 28.Ree1 Qc4 29.Rbc1 Qxc1 30.Rxc1 Rxc1+
31.Kh2 Ra8 32.Qxb6 Rd1 33.g4 Rd5 34.Qc7 h5 35.Kg3 hxg4 36.hxg4 Rad8 37.f3 R8d7
38.Qc8+ Kg7 39.Qc3+ Kh7 40.Kh4 Rb7 41.Qf6 Kg8 42.Qc3 Rb4 43.Qc8+ Kg7 44.Qc3+ Rdd4
45.Qc7 Rxa4 46.Qe5+ Kh7 47.Qc5 Rd5 48.Qf8 Rf4 49.Kg3 e5 50.Qa8 Rd3 51.Qxa5 Rdxf3+
52.Kh4 Re3 53.Qc7 Ree4 54.Kg5 Kg7  0-1

[Event "3rd Open"]
[Site "Paleochora GRE"]
[Date "2010.07.25"]
[Round "5"]
[White "Eyo Castro Rial,A"]
[Black "Lahno,Kateri"]
[Result "0-1"]
[WhiteElo "2200"]
[BlackElo "2535"]

1.d4 Nf6 2.c4 g6 3.Nc3 Bg7 4.e4 d6 5.g3 Nc6 6.d5 Nb8 7.Bg2 O-O 8.Nge2 Nbd7
9.O-O c6 10.b3 a6 11.Bb2 Ne5 12.a4 Bg4 13.f3 cxd5 14.exd5 Qb6+ 15.Kh1 Bf5
16.Nc1 Nxc4 17.bxc4 Qxb2 18.N1e2 Qb4 19.g4 Bd7 20.Rb1 Qxc4 21.Rxb7 Rab8 22.Qb1 Rxb7
23.Qxb7 Bxa4 24.Ra1 Bb5 25.Rb1 Nxg4 26.fxg4 Bxc3 27.Nxc3 Qxc3 28.Qxe7 Re8
29.Qh4 Re2 30.Rg1 Qe5 31.Qd8+ Kg7 32.g5 Bc4 33.Qf6+ Qxf6 34.gxf6+ Kxf6  0-1

[Event "3rd Open"]
[Site "Paleochora GRE"]
[Date "2010.07.26"]
[Round "6"]
[White "Bellia,F"]
[Black "Lahno,Kateri"]
[Result "1/2-1/2"]
[WhiteElo "2376"]
[BlackElo "2535"]

1.e4 e5 2.Nf3 Nc6 3.Bb5 a6 4.Ba4 Nf6 5.O-O b5 6.Bb3 Bc5 7.c3 d6 8.d4 Bb6
9.a4 Rb8 10.axb5 axb5 11.Na3 O-O 12.Nxb5 Bg4 13.Bc2 exd4 14.Nbxd4 Nxd4 15.cxd4 Bxf3
16.gxf3 Nh5 17.Ra4 Qf6 18.Be3 Ra8 19.Rxa8 Rxa8 20.Bb3 Ra5 21.Kh1 g6 22.Bc4 c5
23.e5 dxe5 24.dxe5 Qxe5 25.Qd5 Qxd5 26.Bxd5 Bc7 27.Bd2 Ra7 28.Re1 Bd6 29.Bc3 Re7
30.Rxe7 Bxe7 31.Be5 Bf6 32.Bd6 Bd4 33.Kg1 Kg7 34.Bc4 g5 35.b4 cxb4 36.Bxb4 Nf4
37.Bd2 h6 38.Bxf4  1/2-1/2

[Event "3rd Open"]
[Site "Paleochora GRE"]
[Date "2010.07.28"]
[Round "8"]
[White "Kekki,P"]
[Black "Lahno,Kateri"]
[Result "0-1"]
[WhiteElo "2371"]
[BlackElo "2535"]

1.d4 d5 2.c4 c6 3.Nf3 dxc4 4.e3 Be6 5.a4 Nf6 6.Na3 c5 7.Bxc4 Bxc4 8.Nxc4 Nc6
9.O-O cxd4 10.exd4 e6 11.Nce5 Nxe5 12.dxe5 Qxd1 13.Rxd1 Nd5 14.Bd2 Be7 15.Rac1 Kd7
16.Kf1 Rab8 17.Nd4 a6 18.Ke2 Rhc8 19.Rxc8 Rxc8 20.Rc1 Rb8 21.Kd3 Nb6 22.b3 Nd5
23.Ke4 Ba3 24.Rc2 b6 25.Be1 Bc5 26.Ne2 Rc8 27.h3 h5 28.Nc1 Rc6 29.Nd3 Be7
30.Rxc6 Kxc6 31.g4 hxg4 32.hxg4 b5 33.axb5+ Kxb5 34.f4 Bb4 35.Bxb4 Nxb4 36.Nc1 a5
37.f5 Na6 38.fxe6 fxe6 39.Kd3 Kc5 40.Ke4 Kb4 41.Kd3 g5 42.Kd4 Nc7 43.Kd3 Nb5
44.Ke3 Kc3 45.Nd3 Kxb3 46.Nc5+ Kc3 47.Ne4+ Kc2 48.Nc5 Nc3 49.Nxe6 a4 50.Nd4+ Kb2
51.e6 a3 52.Kd2 a2 53.Nc2 Ne4+ 54.Kd3 Nc5+  0-1

[Event "3rd Open"]
[Site "Paleochora GRE"]
[Date "2010.07.29"]
[Round "9"]
[White "Lahno,Kateri"]
[Black "Sulashvili,M"]
[Result "1-0"]
[WhiteElo "2535"]
[BlackElo "2498"]

1.e4 c5 2.Nf3 d6 3.d4 cxd4 4.Nxd4 Nf6 5.Nc3 Nc6 6.Bg5 e6 7.Qd2 Qb6 8.Bxf6 gxf6
9.Nb3 Bd7 10.O-O-O Na5 11.Kb1 Nxb3 12.axb3 O-O-O 13.f4 Rg8 14.g3 Bc6 15.Be2 Qc5
16.Rhf1 Kb8 17.f5 Qe5 18.Bh5 Rd7 19.b4 Rg5 20.g4 a6 21.Qf2 Be7 22.Bxf7 exf5
23.gxf5 Bxe4 24.Qh4 Bxf5 25.Rde1 Bxc2+ 26.Kxc2 Rg2+ 27.Kb3 Qxh2 28.Qxh2 Rxh2
29.Be8 Rc7 30.Nd5 Rcc2 31.Nxe7 Rxb2+ 32.Kc3 Rhc2+ 33.Kd3 Rd2+ 34.Ke3 d5 35.Rf4 d4+
36.Rxd4 Rxd4 37.Kxd4 Rxb4+ 38.Kc5 Rb2 39.Nd5 Rc2+ 40.Kb4 Rf2 41.Re7 Rf5 42.Kc5 Re5
43.Rxe5 fxe5 44.Nf6 Kc7 45.Nxh7 e4 46.Nf6 b6+ 47.Kd4 Kd6 48.Nxe4+ Ke6 49.Bc6 Kf5
50.Bb7 a5 51.Bc6 Kf4 52.Nd6 b5 53.Bxb5 a4 54.Bxa4 Kf3 55.Bd1+ Kf4 56.Be2 Kg5
57.Ke5 Kg6 58.Bd1 Kg5 59.Nf7+ Kg6 60.Ke6 Kh7 61.Kf6 Kg8 62.Bc2 Kf8 63.Bh7 Ke8
64.Ne5 Kf8 65.Nd7+ Ke8 66.Ke6 Kd8 67.Kd6 Kc8 68.Nc5 Kd8 69.Bg6 Kc8 70.Bh5 Kd8
71.Nb7+ Kc8 72.Kc6 Kb8 73.Bg4 Ka8 74.Kc7 Ka7 75.Be2 Ka8 76.Nd6 Ka7 77.Nc8+  1-0

[Event "39th Olympiad Women"]
[Site "Khanty-Mansiysk RUS"]
[Date "2010.09.23"]
[Round "3"]
[White "Lahno,Kateri"]
[Black "Mamedjarova,Z"]
[Result "1/2-1/2"]
[WhiteElo "2539"]
[BlackElo "2234"]

1.d4 d5 2.c4 e6 3.Nc3 f5 4.Bf4 Nf6 5.e3 Be7 6.Bd3 c6 7.Nf3 O-O 8.O-O b6 9.Rc1 Ne4
10.Bxb8 Rxb8 11.Ne5 Bb7 12.Bxe4 dxe4 13.Ne2 Bd6 14.Nf4 Re8 15.b4 Qc7 16.c5 bxc5
17.bxc5 Bxe5 18.dxe5 Ba6 19.Re1 Qxe5 20.Qa4 Bb5 21.Qxa7 Qf6 22.a4 Ra8 23.Nh5 Rxa7
24.Nxf6+ gxf6 25.axb5 cxb5 26.Rb1 Ra5 27.Rec1 Rc8 28.c6 Ra6 29.g3 Raxc6 30.Rxc6 Rxc6
31.Rxb5 Kf7 32.Rb7+ Kg6 33.Kg2 e5 34.Re7 Rc2 35.Kf1 Ra2 36.Kg2 Rb2 37.Kf1 h6
38.Kg2 Rb4 39.Re8 Ra4 40.Rg8+ Kf7 41.Rh8 Kg7 42.Re8 Rb4 43.Re7+ Kg6 44.Re8 f4
45.exf4 exf4 46.gxf4 Kf5 47.Rh8 Rb2 48.Kg3 Rb3+ 49.Kg2 Kxf4 50.Rxh6 f5 51.Re6 Rb8
52.Rg6 Re8 53.Rg7 e3 54.fxe3+ Kxe3 55.Ra7 Kf4 56.Ra4+ Kg5 57.h4+ Kh5 58.Kf3 Rb8
59.Ra5 Kxh4 60.Rxf5  1/2-1/2

[Event "39th Olympiad Women"]
[Site "Khanty-Mansiysk RUS"]
[Date "2010.09.24"]
[Round "4"]
[White "Ordaz Valdes,L"]
[Black "Lahno,Kateri"]
[Result "1/2-1/2"]
[WhiteElo "2359"]
[BlackElo "2539"]

1.d4 Nf6 2.c4 g6 3.g3 c5 4.d5 Bg7 5.Nc3 d6 6.Bg2 O-O 7.Nf3 Na6 8.O-O Nc7
9.a4 Na6 10.h3 Nb4 11.Ne1 a5 12.Nc2 Nd7 13.Qd2 Nb6 14.b3 e6 15.Bb2 exd5 16.Nxb4 axb4
17.Nxd5 Bxb2 18.Qxb2 Nxd5 19.Bxd5 Bxh3 20.Bxb7 Ra7 21.Bg2 Bxg2 22.Kxg2 d5
23.cxd5 Qxd5+ 24.Kg1 c4 25.Rfd1 Qa8 26.bxc4 Rxa4 27.Rxa4 Qxa4 28.Ra1 Qe8
29.Qxb4 Qxe2 30.Re1 Qf3 31.Qb5 h5 32.Re8 Rxe8 33.Qxe8+ Kg7 34.Qe5+ Qf6 35.Qe4 Qd6
36.Qe3 Kf6 37.Qf3+  1/2-1/2

[Event "39th Olympiad Women"]
[Site "Khanty-Mansiysk RUS"]
[Date "2010.09.29"]
[Round "8"]
[White "Paehtz,E"]
[Black "Lahno,Kateri"]
[Result "1/2-1/2"]
[WhiteElo "2467"]
[BlackElo "2539"]

1.e4 d6 2.d4 Nf6 3.Nc3 g6 4.f4 Bg7 5.Nf3 O-O 6.Bd3 Na6 7.O-O c5 8.d5 Bg4
9.Bc4 Nc7 10.h3 Bxf3 11.Qxf3 Nd7 12.a4 a6 13.Qe2 Nb6 14.Bb3 c4 15.Bxc4 Nxc4
16.Qxc4 b5 17.Qd3 b4 18.Ne2 a5 19.Nd4 e6 20.dxe6 Nxe6 21.Nxe6 fxe6 22.c3 bxc3
23.bxc3  1/2-1/2

[Event "39th Olympiad Women"]
[Site "Khanty-Mansiysk RUS"]
[Date "2010.10.01"]
[Round "10"]
[White "Dzagnidze,N"]
[Black "Lahno,Kateri"]
[Result "1-0"]
[WhiteElo "2534"]
[BlackElo "2539"]

1.d4 d5 2.c4 c6 3.Nf3 dxc4 4.a4 Bg4 5.Ne5 Bh5 6.Nc3 Nd7 7.Nxc4 e6 8.g3 a5
9.Bg2 Ngf6 10.O-O Nd5 11.Ne4 N7b6 12.Ne5 Be7 13.g4 Bg6 14.Nc5 Qc7 15.f4 Rd8
16.Nb3 f6 17.Nxg6 hxg6 18.e4 Nb4 19.Qe2 e5 20.Be3 exf4 21.Bxf4 Qd7 22.Rad1 g5
23.Bg3 Qe6 24.Nxa5 Rd7 25.b3 N4d5 26.Qf2 Nc3 27.Rde1 Bb4 28.d5 Qe7 29.d6 Bxd6
30.Bxd6 Qxd6 31.e5 Qc7 32.exf6+ Kd8 33.h3 Nbd5 34.fxg7 Rxg7 35.Qc5 Qg3 36.Re6 Nf4
37.Qd4+ Ncd5 38.Rxf4 Qxf4 39.Qxg7 Qc1+ 40.Bf1 Qc5+ 41.Kh1 Rxh3+ 42.Bxh3 Qc1+
43.Kh2 Qf4+ 44.Kg1 Qc1+ 45.Bf1 Qc5+ 46.Kh1  1-0

[Event "Trophee CCAS GpB"]
[Site "Cap d'Agde FRA"]
[Date "2010.10.24"]
[Round "2"]
[White "Gharamian,T"]
[Black "Lahno,Kateri"]
[Result "1/2-1/2"]
[WhiteElo "2658"]
[BlackElo "2539"]

1.e4 c5 2.Nf3 d6 3.d4 cxd4 4.Nxd4 Nf6 5.Nc3 g6 6.Be3 Bg7 7.Be2 Nc6 8.Qd2 O-O
9.O-O-O Ng4 10.Bxg4 Bxg4 11.f3 Bd7 12.Kb1 Re8 13.h4 Ne5 14.b3 Qa5 15.h5 Rac8
16.Nce2 Qxd2 17.Bxd2 a6 18.Rh2 Nc6 19.Be3 b5 20.Rdh1 Nxd4 21.Bxd4 Bxd4 22.Nxd4 g5
23.Kb2 Rc5 24.g4 Rec8 25.Rd2 Kg7 26.a3 Rc3 27.Rd3 Rxd3 28.cxd3 e6 29.Re1 h6
30.b4 Rc7 31.Re2 Rc8 32.Re1 Rc7 33.Re2 Rc8 34.Nb3 Kf8 35.d4 Ke7  1/2-1/2

[Event "Trophee CCAS GpB"]
[Site "Cap d'Agde FRA"]
[Date "2010.10.26"]
[Round "6"]
[White "Lahno,Kateri"]
[Black "Hammer,J"]
[Result "1/2-1/2"]
[WhiteElo "2539"]
[BlackElo "2633"]

1.e4 e5 2.Nf3 Nc6 3.Nc3 Nf6 4.Bb5 Bb4 5.O-O O-O 6.d3 d6 7.Bg5 Ne7 8.Bxf6 gxf6
9.Nh4 c6 10.Ba4 Ng6 11.Nxg6 hxg6 12.Ne2 Kg7 13.c3 Ba5 14.Ng3 Rh8 15.Qf3 Rh4
16.h3 Rf4 17.Qe2 Bb6 18.Rad1 Qh8 19.d4 Qh4 20.Rd3 Bd7 21.Bb3 Rh8 22.Re1 Qg5
23.Qd2 Bc8 24.Re2 Qh4 25.a4 a6 26.Ba2 Ba7 27.a5 Qh7 28.Qd1 Qg8 29.Nf5+ Bxf5
30.exf5 Rxf5 31.dxe5 fxe5 32.Rxd6 Rh4 33.Bb1 Rxf2 34.Rxf2 Rf4 35.Rd2 Qf8
36.b4 Qe7 37.g3 Rxf2 38.Rxf2 e4 39.Kg2 Bxf2 40.Kxf2 Qf6+ 41.Kg2 Qxc3 42.Bxe4 Qxb4
43.Qa1+ Kg8 44.Qb1 Qxa5 45.Qxb7 Qd2+ 46.Kf3 Qd1+ 47.Kf2 Qd4+ 48.Kf3 Qd1+
49.Kf2 Qd2+ 50.Kf3 Qd1+ 51.Kf2  1/2-1/2

[Event "73rd Tata Steel GMC"]
[Site "Wijk aan Zee NED"]
[Date "2011.01.15"]
[Round "1"]
[White "Lahno,Kateri"]
[Black "Bluvshtein,M"]
[Result "1/2-1/2"]
[WhiteElo "2518"]
[BlackElo "2590"]

1.e4 e5 2.Nf3 Nc6 3.Bb5 Nf6 4.O-O Nxe4 5.d4 Nd6 6.Bxc6 dxc6 7.dxe5 Nf5 8.Qxd8+ Kxd8
9.Nc3 Ke8 10.h3 h5 11.Bg5 Be6 12.Ne2 Be7 13.Nf4 Bd5 14.Bxe7 Kxe7 15.Ng5 h4
16.b3 Nd4 17.Rad1 Ne6 18.Nfxe6 Bxe6 19.Nxe6 Kxe6 20.f4 Rad8 21.Kf2 Rd5 22.c4 Ra5
23.a4 b5 24.axb5 Ra2+ 25.Kf3 cxb5 26.cxb5 Rb8 27.Ra1 Rb2 28.Rxa7 Rxb5 29.Rxc7 R5xb3+
30.Ke4 Rb4+ 31.Kf3 R2b3+ 32.Ke2 Ra4 33.Rfc1 Re4+ 34.Kd2 Rb6 35.R1c4 Rb2+
36.Kd3 Rxc4 37.Rxc4 Rxg2 38.Ke4 Re2+ 39.Kf3 Rh2 40.Kg4 Rg2+ 41.Kxh4 Kf5 42.Rc7 Kxf4
43.Rxf7+ Kxe5 44.Rf3  1/2-1/2

[Event "73rd Tata Steel GMC"]
[Site "Wijk aan Zee NED"]
[Date "2011.01.16"]
[Round "2"]
[White "Sachdev,T"]
[Black "Lahno,Kateri"]
[Result "0-1"]
[WhiteElo "2391"]
[BlackElo "2518"]

1.d4 Nf6 2.c4 g6 3.Nc3 d5 4.Bg5 Ne4 5.Bh4 c5 6.cxd5 Nxc3 7.bxc3 Qxd5 8.e3 Bg7
9.Nf3 Nc6 10.Be2 cxd4 11.cxd4 O-O 12.O-O Bf5 13.Qa4 Rac8 14.Rac1 a6 15.Rc5 Qe4
16.Bd1 Qb1 17.Bb3 Qb2 18.d5 Bd3 19.dxc6 Bxf1 20.Kxf1 Qb1+ 21.Ke2 Rxc6 22.Rxc6 bxc6
23.Bxe7 Qb2+ 24.Bc2 Rb8 25.Bc5 Qc3 26.Ba3 Bf8 27.Bxf8 Rb2 28.Ne1 Kxf8 29.Kd1 a5
30.Qd4 Qxd4+ 31.exd4 Rxa2 32.Nd3 Ra1+ 33.Kd2 a4 34.Kc3 a3 35.g3 g5 36.Bb3 h5
37.Nb4 h4 38.Nc2 Rh1 39.gxh4 gxh4 40.Nxa3 Rxh2 41.Ba4 Rxf2 42.Bxc6 h3 43.Nc4 Rf1
44.Kb4 h2 45.Ne3 Rb1+ 46.Kc5 f5 47.Ba8 Re1 48.Nc4 Re4  0-1

[Event "73rd Tata Steel GMC"]
[Site "Wijk aan Zee NED"]
[Date "2011.01.17"]
[Round "3"]
[White "Lahno,Kateri"]
[Black "Pruijssers,R"]
[Result "1-0"]
[WhiteElo "2518"]
[BlackElo "2484"]

1.e4 e5 2.Nf3 Nc6 3.Bb5 f5 4.d3 fxe4 5.dxe4 Nf6 6.Qd3 d6 7.Nc3 a6 8.Bc4 Na5
9.O-O Nxc4 10.Qxc4 Qe7 11.Nd5 Nxd5 12.exd5 h6 13.Bd2 g5 14.Ba5 Rh7 15.Nd4 Qf6
16.Rfe1 Re7 17.Ne2 Qf7 18.Rad1 Bg7 19.Ng3 Kf8 20.Rd3 Kg8 21.Rf3 Qe8 22.Qe4 g4
23.Rd3 Rf7 24.Qg6 Qf8 25.Bd2 Kh8 26.Rf1 Bd7 27.c4 Rf4 28.Rb3 Rxc4 29.Rxb7 Be8
30.Qb1 Qf7 31.b3 Rd4 32.Qc1 Rxd5 33.Bxh6 Rc5 34.Qg5 Bf6 35.Qxg4 Bd7 36.Qd1 a5
37.Ne4 Bc6 38.Rxc7 Qxc7 39.Nxf6 Qe7 40.Qh5 Be8 41.Qh4  1-0

[Event "73rd Tata Steel GMC"]
[Site "Wijk aan Zee NED"]
[Date "2011.01.18"]
[Round "4"]
[White "Van der Werf,M"]
[Black "Lahno,Kateri"]
[Result "1-0"]
[WhiteElo "2439"]
[BlackElo "2518"]

1.c4 Nf6 2.g3 g6 3.Bg2 d5 4.cxd5 Nxd5 5.Nc3 Nxc3 6.bxc3 Bg7 7.Nf3 O-O 8.O-O c5
9.Rb1 Qa5 10.Qb3 Nc6 11.a4 Bf5 12.d3 Rac8 13.Bd2 b6 14.c4 Qa6 15.Qb5 Qxb5
16.axb5 Nd4 17.Nxd4 Bxd4 18.Rb3 Bg4 19.Re1 Be5 20.Ra3 Bb8 21.Bb7 Rcd8 22.Bd5 e6
23.Bc6 e5 24.Bh6 Rc8 25.Bxf8 Kxf8 26.f3 Be6 27.e4 Ke7 28.Kf2 h5 29.f4 exf4
30.gxf4 Bxf4 31.Rxa7+ Kf6 32.Rb7 Bxh2 33.Rxb6 Ke5 34.Bd5 Bg4 35.Rh1 Bf4 36.Ra6 f5
37.exf5 Bxf5 38.b6 Kd4 39.b7 Rf8 40.Ra8 Bb8 41.Rxb8 Rxb8 42.Ra1 Bc8 43.bxc8=Q Rxc8
44.Be4 Rf8+ 45.Kg3 g5 46.Rh1 Rh8 47.Rf1  1-0